[Event "Kup Centralne Srbije 2013"]
[Site "Vrnjacka Banja"]
[Date "2013.04.27"]
[Round "6.9"]
[White "Milutinovic, Stefana"]
[Black "Vujovic, Dragisa"]
[Result "1-0"]
[WhiteElo "2009"]
[BlackElo "2109"]
[PlyCount "103"]
[EventDate "2013.03.24"]

1. d4 c6 2. c4 g6 3. Nc3 Bg7 4. e4 d6 5. Nf3 Nf6 6. Be2 O-O 7. O-O Nbd7 8. Be3
Re8 9. a3 e5 10. d5 cxd5 11. cxd5 Ng4 12. Bd2 a6 13. Ne1 Ngf6 14. b4 b5 15. a4
bxa4 16. Qxa4 Nb6 17. Qb3 Bb7 18. Be3 Nfd7 19. Nd3 f5 20. f3 Qc7 21. Nb2 Rec8
22. Rfc1 Qd8 23. Ra3 Rcb8 24. Rca1 Qc8 25. Rc1 Qd8 26. Qa2 Bf8 27. Bxa6 Bxa6
28. Rxa6 Rxa6 29. Qxa6 Ra8 30. Qe2 f4 31. Bf2 g5 32. Nd3 Qb8 33. b5 Qa7 34. Qb2
Qa5 35. Nd1 h5 36. Be1 Qa7 37. Kf1 g4 38. Qe2 Qa4 39. Nc3 gxf3 40. gxf3 Qa3 41.
Qg2+ Kf7 42. Qh3 Nf6 43. Qe6+ Kg6 44. Rc2 Nbd7 45. Rg2+ Kh7 46. Qf7+ Kh8 47.
Ra2 Qxc3 48. Bxc3 Rxa2 49. Nxf4 Bg7 50. Ne6 Bh6 51. Qg6 Ng8 52. Nd8 1-0

[Event "Kup Centralne Srbije 2013"]
[Site "Vrnjacka Banja"]
[Date "2013.04.27"]
[Round "6.10"]
[White "Stojiljkovic, Tamara"]
[Black "Gajic, Branko"]
[Result "1-0"]
[WhiteElo "1774"]
[BlackElo "2162"]
[PlyCount "93"]
[EventDate "2013.03.24"]

1. e4 c6 2. d4 d5 3. Nd2 dxe4 4. Nxe4 Nf6 5. Ng5 h6 6. N5f3 Bf5 7. Bd3 Bxd3 8.
Qxd3 e6 9. Bd2 Bd6 10. Ne2 Qc7 11. Ng3 Nbd7 12. O-O-O O-O-O 13. Rhe1 Kb8 14.
Re2 Nd5 15. Ne4 Nf4 16. Bxf4 Bxf4+ 17. Kb1 Qa5 18. Qb3 Bc7 19. c4 e5 20. c5 f5
21. Nd6 Bxd6 22. cxd6 e4 23. Nd2 Qd5 24. Nc4 Nb6 25. Rc2 Nxc4 26. Rxc4 Qxd6 27.
Rdc1 Ka8 28. Rb4 Rd7 29. Rcc4 Qxh2 30. a4 Qg1+ 31. Ka2 Qxf2 32. a5 a6 33. Rxc6
bxc6 34. Qe6 Rb8 35. Qxc6+ Rbb7 36. Qc8+ Ka7 37. Qc5+ Kb8 38. Qe5+ Kc8 39. Qe8+
Rd8 40. Qc6+ Rc7 41. Qxa6+ Kd7 42. Qb5+ Ke7 43. Qe5+ Kd7 44. Qd5+ Ke7 45. Qe5+
Kf8 46. Qxc7 Re8 47. Rb7 1-0

[Event "Kup Centralne Srbije 2013"]
[Site "Vrnjacka Banja"]
[Date "2013.04.27"]
[Round "6.10"]
[White "Cabarkapa, Miomir"]
[Black "Pavlovic, Branka"]
[Result "1-0"]
[WhiteElo "2163"]
[BlackElo "1806"]
[PlyCount "57"]
[EventDate "2013.03.24"]

1. Nf3 Nf6 2. d4 c5 3. c4 e6 4. Nc3 a6 5. d5 exd5 6. Nxd5 d6 7. Bg5 Nbd7 8. Qc2
h6 9. Bh4 Qa5+ 10. Nd2 Nxd5 11. cxd5 Qb4 12. Bg3 Be7 13. a3 Qa5 14. e4 b5 15.
Be2 O-O 16. O-O Re8 17. a4 b4 18. Nc4 Qc7 19. a5 Rb8 20. b3 Bf8 21. Rad1 Bb7
22. f4 f6 23. Bh5 Re7 24. e5 fxe5 25. fxe5 Rxe5 26. Bxe5 dxe5 27. Qg6 Qd8 28.
Bg4 Be7 29. Rf7 1-0

[Event "Kup Centralne Srbije 2013"]
[Site "Vrnjacka Banja"]
[Date "2013.04.27"]
[Round "6.10"]
[White "Arandjelovic, Aleksandar Z"]
[Black "Jovcic, Zoran"]
[Result "1-0"]
[WhiteElo "2015"]
[BlackElo "2111"]
[PlyCount "63"]
[EventDate "2013.03.24"]

1. d4 Nf6 2. c4 c5 3. d5 b5 4. cxb5 a6 5. Nc3 g6 6. e4 d6 7. Nf3 Bg7 8. Bd3 O-O
9. O-O Bg4 10. h3 Bxf3 11. Qxf3 Nfd7 12. Qe2 Ne5 13. Bc2 axb5 14. Nxb5 Qb6 15.
a4 Na6 16. Bg5 Rfe8 17. Kh1 Nb4 18. f4 Nd7 19. Bb3 Na6 20. Bc4 Qa5 21. e5 dxe5
22. f5 Nf6 23. d6 Nh5 24. Bxf7+ Kh8 25. Ra3 Qb4 26. fxg6 Nf4 27. Bxf4 exf4 28.
Bxe8 Rxe8 29. d7 Rf8 30. Rd3 c4 31. d8=Q cxd3 32. Qdxd3 1-0

[Event "Kup Centralne Srbije 2013"]
[Site "Vrnjacka Banja"]
[Date "2013.04.27"]
[Round "6.10"]
[White "Jocovic, Slobodan"]
[Black "Todorovic, Sasa"]
[Result "1-0"]
[WhiteElo "2063"]
[BlackElo "1910"]
[PlyCount "87"]
[EventDate "2013.03.24"]

1. d4 Nf6 2. Bg5 Ne4 3. Bf4 d6 4. f3 Nf6 5. e4 c6 6. Ne2 Nbd7 7. c3 Qb6 8. Qc2
e5 9. Be3 Be7 10. Nd2 a5 11. Ng3 Nf8 12. Nc4 Qc7 13. dxe5 dxe5 14. Bb6 Qb8 15.
Nxa5 Ng6 16. Nc4 Be6 17. Nf5 Bxf5 18. exf5 Nf4 19. b4 Nd7 20. Bf2 Qc7 21. Rd1
O-O 22. Ne3 Nb6 23. g3 Nfd5 24. Nxd5 Nxd5 25. Bc4 Nf6 26. O-O Rfe8 27. Rfe1 Bf8
28. a4 b5 29. axb5 cxb5 30. Bxb5 Rec8 31. Ra1 Rxa1 32. Rxa1 Bxb4 33. Ra7 Qb8
34. Qb3 Bf8 35. Qxf7+ Kh8 36. Bc4 e4 37. Rb7 Qe5 38. Bd4 Qxf5 39. Bxf6 Bc5+ 40.
Bd4 Bxd4+ 41. cxd4 Qg5 42. f4 Qg4 43. Be2 Rc1+ 44. Kf2 1-0